<?xml version="1.0" encoding="UTF-8"?>
<record
    xmlns:xsi="http://www.w3.org/2001/XMLSchema-instance"
    xsi:schemaLocation="http://www.loc.gov/MARC21/slim http://www.loc.gov/standards/marcxml/schema/MARC21slim.xsd"
    xmlns="http://www.loc.gov/MARC21/slim">

  <leader>01212cam a2200241   4500</leader>
  <controlfield tag="008">090319t1999    ag a          000 0 spa u</controlfield>
  <datafield tag="020" ind1=" " ind2=" ">
    <subfield code="a">9879702069</subfield>
  </datafield>
  <datafield tag="035" ind1=" " ind2=" ">
    <subfield code="a">a480422</subfield>
  </datafield>
  <datafield tag="050" ind1="0" ind2="4">
    <subfield code="a">PQ6613.A763 </subfield>
    <subfield code="b">S56 1999</subfield>
  </datafield>
  <datafield tag="111" ind1="2" ind2=" ">
    <subfield code="a">Simposio Recuerdo y Homenaje a Federico Garc&#xED;a Lorca </subfield>
    <subfield code="d">(11 y 12 de Junio de 1998 : </subfield>
    <subfield code="c">Universidad Nacional de Cuyo, Argentina)</subfield>
  </datafield>
  <datafield tag="245" ind1="1" ind2="0">
    <subfield code="a">Recuerdo y homenaje a Federico Garc&#xED;a Lorca en su centenario 1898-1988 / </subfield>
    <subfield code="c">Editor Gladys Granata de Egues</subfield>
  </datafield>
  <datafield tag="250" ind1=" " ind2=" ">
    <subfield code="a">1a ed.</subfield>
  </datafield>
  <datafield tag="260" ind1=" " ind2=" ">
    <subfield code="a">Mendoza : </subfield>
    <subfield code="b">Fundar, </subfield>
    <subfield code="c">c1999</subfield>
  </datafield>
  <datafield tag="300" ind1=" " ind2=" ">
    <subfield code="a">263 p. </subfield>
    <subfield code="b">il. ; </subfield>
    <subfield code="c">22 cm.</subfield>
  </datafield>
  <datafield tag="500" ind1=" " ind2=" ">
    <subfield code="a">Simposio organizado por el Grupo de Estudios de la Cr&#xED;tica Literaria de la Facultad de Filosof&#xED;a y Letras de la Universidad de Cuyo en Mendoza, Argentina el 11 y 12 de Junio de 1988</subfield>
  </datafield>
  <datafield tag="600" ind1="1" ind2="4">
    <subfield code="a">Garc&#xED;a Lorca, Federico, </subfield>
    <subfield code="d">1898-1936 </subfield>
    <subfield code="v">Homenaje</subfield>
  </datafield>
  <datafield tag="600" ind1="1" ind2="4">
    <subfield code="a">Garc&#xED;a Lorca, Federico, </subfield>
    <subfield code="d">1898-1936 </subfield>
    <subfield code="x">Cr&#xED;tica literaria</subfield>
  </datafield>
  <datafield tag="650" ind1=" " ind2="7">
    <subfield code="a">Literatura espa&#xF1;ola </subfield>
    <subfield code="y">Siglo XX </subfield>
    <subfield code="2">Lemb</subfield>
  </datafield>
  <datafield tag="650" ind1=" " ind2="7">
    <subfield code="a">Poetas espa&#xF1;oles </subfield>
    <subfield code="y">Siglo XX </subfield>
    <subfield code="2">Lemb</subfield>
  </datafield>
  <datafield tag="700" ind1="1" ind2=" ">
    <subfield code="a">Granata de Egues, Gladys, ed.</subfield>
  </datafield>
  <datafield tag="710" ind1="1" ind2=" ">
    <subfield code="a">Universidad Nacional de Cuyo  </subfield>
    <subfield code="b">Facultad de Filosof&#xED;a y Letras </subfield>
    <subfield code="b">Grupo de Estudios de la Cr&#xED;tica Literaria</subfield>
  </datafield>
  <datafield tag="942" ind1=" " ind2=" ">
    <subfield code="2">lcc</subfield>
    <subfield code="c">LIB</subfield>
  </datafield>
  <datafield tag="999" ind1=" " ind2=" ">
    <subfield code="c">71740</subfield>
    <subfield code="d">71740</subfield>
  </datafield>
  <datafield tag="952" ind1=" " ind2=" ">
    <subfield code="1">0</subfield>
    <subfield code="2">lcc</subfield>
    <subfield code="4">0</subfield>
    <subfield code="7">0</subfield>
    <subfield code="a">INV-033</subfield>
    <subfield code="b">INV-033</subfield>
    <subfield code="c">GENERAL</subfield>
    <subfield code="d">2018-11-22</subfield>
    <subfield code="k">EH</subfield>
    <subfield code="o">PQ6613.A763 S56 1999</subfield>
    <subfield code="p">IIH000003961</subfield>
    <subfield code="r">2018-11-22 00:00:00</subfield>
    <subfield code="t">C:1</subfield>
    <subfield code="y">LIB</subfield>
  </datafield>
</record>
